[Event "ICS Rated blitz match"]
[Site "207.99.83.229"]
[Date "1999.06.17"]
[Round "?"]
[White "Hossa"]
[Black "Data"]
[Result "0-1"]
[WhiteElo "2486"]
[BlackElo "2848"]
[PlyCount "130"]

1. e4 c5 2. Nf3 Nc6 3. d4 cxd4 4. Nxd4 g6 5. Nc3 Bg7 6. Be3 Nf6 7. Bc4 Qa5 8.
O-O O-O 9. a3 d6 10. Nd5 Nxd5 11. Bxd5 Qc7 12. c3 Nxd4 13. Bxd4 e5 14. Be3 Bd7
15. Qd3 Rfc8 16. f4 Rf8 17. fxe5 dxe5 18. Rf2 a6 19. Bg5 Be6 20. Raf1 Rae8 21.
Bf6 Bxf6 22. Rxf6 Bxd5 23. exd5 Qc5+ 24. R1f2 e4 25. Qd4 Qxd4 26. cxd4 e3 27.
Re2 Re4 28. Rb6 Rfe8 29. Rb4 a5 30. Rc4 Rd8 31. Rc3 Rxd5 32. Rcxe3 Rexd4 33.
Kf2 Kg7 34. Re7 Rd7 35. R7e5 a4 36. R5e3 g5 37. b3 Rf4+ 38. Kg3 axb3 39. Rxb3
Kg6 40. Reb2 h5 41. h3 h4+ 42. Kh2 Rf1 43. Rxb7 Rdd1 44. g4 Rh1+ 45. Kg2 Rdg1+
46. Kf2 Rg3 47. R2b6+ f6 48. Ra6 Rh2+ 49. Kf1 Rc3 50. Kg1 Rhxh3 51. Rbb6 Rhg3+
52. Kf2 Rc2+ 53. Kf1 Rf3+ 54. Ke1 h3 55. Rb8 Rg3 56. Kd1 h2 57. Rg8+ Kh7 58.
Kxc2 h1=Q 59. Rd8 Qe4+ 60. Kc1 Qc4+ 61. Kd1 Rg1+ 62. Kd2 Rg2+ 63. Ke3 Re2+ 64.
Kf3 Qe4+ 65. Kg3 65... Qe3# {Hossa checkmated} 0-1

[Event "ICS Rated blitz match"]
[Site "207.99.83.229"]
[Date "1999.06.17"]
[Round "?"]
[White "Data"]
[Black "Hossa"]
[Result "1-0"]
[WhiteElo "2852"]
[BlackElo "2482"]
[PlyCount "75"]

1. e4 c5 2. d4 cxd4 3. c3 dxc3 4. Nxc3 Nc6 5. Bc4 Ne5 6. Bb3 Nf6 7. Nf3 Nxf3+
8. Qxf3 e5 9. O-O Bd6 10. Rd1 Bb4 11. Nd5 Be7 12. Qg3 Nxd5 13. Rxd5 Bf6 14. Bd2
O-O 15. Bc3 d6 16. Bb4 Bh4 17. Qe3 Be7 18. Bxd6 Bxd6 19. Rad1 Bg4 20. f3 Qh4
21. Rxd6 Bc8 22. Bxf7+ Kxf7 23. Qb3+ Ke7 24. Qb4 Kf7 25. Qc4+ Ke8 26. Qb5+ Kf7
27. Qd5+ Ke8 28. Rd8+ Qxd8 29. Qxd8+ Kf7 30. Qc7+ Kg8 31. Qxe5 Kh8 32. Rd6 b6
33. Kf2 Bg4 34. Qg5 Bc8 35. Ke3 Re8 36. Qd5 Ba6 37. Rd7 Rg8 38. f4 {
Hossa resigns} 1-0

[Event "ICS Rated blitz match"]
[Site "207.99.83.229"]
[Date "1999.06.17"]
[Round "?"]
[White "Hossa"]
[Black "sergor"]
[Result "0-1"]
[WhiteElo "2479"]
[BlackElo "2355"]
[PlyCount "121"]

1. e4 c5 2. d4 cxd4 3. c3 dxc3 4. Nxc3 Nc6 5. Bc4 e6 6. Nf3 d6 7. O-O a6 8. Bd2
Nf6 9. Qa4 Bd7 10. Qd1 Be7 11. Bg5 Qc7 12. Qd2 Rd8 13. Rad1 Bc8 14. Rc1 O-O 15.
Qf4 h6 16. Bxf6 Bxf6 17. Bb3 Qb8 18. Rfd1 Ne5 19. Qe3 Nxf3+ 20. Qxf3 b5 21. Rc2
Bb7 22. a4 b4 23. Ne2 Rc8 24. Rcd2 Rfd8 25. Qg4 Rc5 26. Nd4 Bxd4 27. Rxd4 Qc7
28. Rxb4 Rc1 29. Rxc1 Qxc1+ 30. Qd1 Qc7 31. Qe2 d5 32. exd5 Bxd5 33. Bc2 a5 34.
Rg4 Rc8 35. Bd1 Qc1 36. Rd4 Rc4 37. Rxc4 Bxc4 38. Qc2 Qxc2 39. Bxc2 Kf8 40. f3
Ke7 41. h4 Kd6 42. h5 Kc5 43. Kf2 Kb4 44. Ke3 Bb3 45. Bxb3 Kxb3 46. Kd4 Kxa4
47. Kc4 g6 48. hxg6 fxg6 49. b3+ Ka3 50. Kc3 e5 51. g3 h5 52. Kc4 g5 53. Kd3 h4
54. Ke3 hxg3 55. Ke2 Kxb3 56. Kf1 a4 57. Kg2 a3 58. Kxg3 a2 59. Kg4 a1=Q 60.
Kf5 Qd4 61. Ke6 {Hossa resigns} 0-1

[Event "ICS rated blitz match"]
[Site "207.99.83.229"]
[Date "1999.06.17"]
[Round "?"]
[White "Hossa"]
[Black "Data"]
[Result "0-1"]
[WhiteElo "2458"]
[BlackElo "2855"]
[PlyCount "82"]

1. e4 c5 2. Nf3 Nc6 3. Bb5 g6 4. O-O Bg7 5. Re1 Nf6 6. e5 Nd5 7. Nc3 Nc7 8.
Bxc6 dxc6 9. Ne4 Ne6 10. d3 b6 11. h4 Qc7 12. h5 gxh5 13. Neg5 h6 14. Ne4 h4
15. Nxh4 Bxe5 16. Nf3 Bg7 17. Nh4 Bb7 18. Qg4 h5 19. Qf5 Nd4 20. Qg5 Bh6 21.
Qxh5 Bg7 22. Qg5 O-O-O 23. Bf4 e5 24. Qxg7 exf4 25. c3 Rhg8 26. Qxg8 Rxg8 27.
cxd4 cxd4 28. Nf5 Rd8 29. Nf6 c5 30. Ne8 Qb8 31. b4 Bc6 32. Ne7+ Kb7 33. Nxc6
Kxc6 34. Nf6 cxb4 35. Re7 Qd6 36. Rc1+ Kb5 37. Rxf7 Qe6 38. Rcc7 Qe1+ 39. Kh2
Qxf2 40. Rg7 f3 41. Nh5 41... Rh8 {Hossa resigns} 0-1

[Event "ICS Rated blitz match"]
[Site "207.99.83.229"]
[Date "1999.06.17"]
[Round "?"]
[White "Data"]
[Black "Hossa"]
[Result "1-0"]
[WhiteElo "2858"]
[BlackElo "2455"]
[PlyCount "91"]

1. e4 c5 2. d4 cxd4 3. c3 dxc3 4. Nxc3 Nc6 5. Bc4 e6 6. Nf3 d6 7. O-O a6 8. Qe2
Be7 9. Rd1 Rb8 10. Be3 b5 11. Bd3 Bf6 12. Qd2 Nge7 13. Be2 Bxc3 14. Qxc3 O-O
15. Bf4 b4 16. Qe1 e5 17. Nxe5 Nxe5 18. Bxe5 dxe5 19. Rxd8 Rxd8 20. Qc1 Rd7 21.
Qc5 Ng6 22. Rd1 Rxd1+ 23. Bxd1 Be6 24. h4 Rd8 25. Bf3 Nxh4 26. Be2 Ra8 27. Qxb4
a5 28. Qb7 Rc8 29. Qa6 Ng6 30. Qxa5 Rc2 31. Qb5 Bxa2 32. b3 Rc1+ 33. Kh2 Rc2
34. Qb8+ Nf8 35. Bc4 Rxf2 36. Qa7 Rf4 37. Qxa2 Rxe4 38. g3 Rd4 39. Qa5 e4 40.
Qe5 Rd2+ 41. Kh3 Rf2 42. b4 Rf6 43. b5 h5 44. Qc7 h4 45. b6 hxg3 46. b7 {
Hossa resigns} 1-0

[Event "ICS Rated blitz match"]
[Site "207.99.83.229"]
[Date "1999.06.17"]
[Round "?"]
[White "Roundrobbin"]
[Black "Hossa"]
[Result "0-1"]
[WhiteElo "2198"]
[BlackElo "2452"]
[PlyCount "61"]

1. Nf3 d5 2. c4 c6 3. e3 Nd7 4. Nc3 e6 5. b3 Ngf6 6. Bb2 Bd6 7. Qc2 dxc4 8.
bxc4 O-O 9. Be2 e5 10. O-O c5 11. Ng5 h6 12. Nge4 Nxe4 13. Nxe4 Bc7 14. Ng3 Qg5
15. Bf3 Nf6 16. Ne4 Nxe4 17. Bxe4 Qh4 18. g3 Qg4 19. Kh1 Kh8 20. f4 exf4 21.
gxf4 Qh3 22. Rg1 f6 23. Rg3 Qh5 24. Rag1 g5 25. fxg5 Bxg3 26. Rxg3 hxg5 27. Bg6
Qe2 28. Rxg5 Qf1+ 29. Rg1 Qf3+ 30. Rg2 Bh3 31. d3 {Roundrobbin resigns} 0-1

[Event "ICS Rated standard match"]
[Site "207.99.83.229"]
[Date "1999.06.17"]
[Round "?"]
[White "ssv"]
[Black "Hossa"]
[Result "1-0"]
[WhiteElo "2057"]
[BlackElo "2212"]
[PlyCount "73"]

1. e4 e6 2. c4 c5 3. Nf3 Nc6 4. d4 cxd4 5. Nxd4 Qh4 6. Nb5 Qxe4+ 7. Be2 Qe5 8.
O-O Be7 9. f4 Qb8 10. f5 e5 11. N1c3 a6 12. Na3 Bxa3 13. bxa3 Nf6 14. Bg5 O-O
15. Bxf6 gxf6 16. Ne4 Kh8 17. Nxf6 Nd4 18. Bd3 Qd6 19. Ne4 Qxa3 20. Qh5 Qxd3
21. Nf6 Qe3+ 22. Kh1 h6 23. h4 Kg7 24. Rae1 Qg3 25. Ng4 Nxf5 26. Rxf5 Qxe1+ 27.
Kh2 Qc1 28. Rg5+ Qxg5 29. hxg5 f6 30. gxh6+ Kh7 31. Qf5+ Kh8 32. Qg6 Rg8 33.
Qxf6+ Kh7 34. Qf7+ Kh8 35. Nf6 Rxg2+ 36. Kxg2 d5 37. Qh7# {Hossa checkmated}
1-0

[Event "ICS Rated blitz match"]
[Site "207.99.83.229"]
[Date "1999.06.17"]
[Round "?"]
[White "mishah"]
[Black "Hossa"]
[Result "0-1"]
[WhiteElo "2087"]
[BlackElo "2438"]
[PlyCount "54"]

1. d4 d5 2. c4 c6 3. Nf3 Nf6 4. Nc3 e6 5. Bg5 dxc4 6. e4 b5 7. e5 h6 8. Bh4 g5
9. Nxg5 hxg5 10. Bxg5 Nbd7 11. g3 Bb4 12. Bg2 Bb7 13. O-O Bxc3 14. bxc3 Qa5 15.
exf6 O-O-O 16. a4 Qxc3 17. axb5 cxb5 18. Rxa7 Bxg2 19. Kxg2 Rdg8 20. Bf4 Rf8
21. Bd6 Rfg8 22. Rc7+ Kd8 23. Qa1 Rxh2+ 24. Kxh2 Qf3 25. Be7+ Kxc7 26. Qa7+ Kc6
27. Qa6+ 27... Nb6 {mishah resigns} 0-1

[Event "ICS Rated standard match"]
[Site "207.99.83.229"]
[Date "1999.06.17"]
[Round "?"]
[White "Hossa"]
[Black "Yeldnuh"]
[Result "0-1"]
[WhiteElo "2207"]
[BlackElo "2463"]
[PlyCount "159"]

1. e4 e5 2. Nf3 Nf6 3. d4 Nxe4 4. Bd3 d5 5. Nxe5 Nd7 6. Nxd7 Bxd7 7. O-O Qh4 8.
c4 O-O-O 9. c5 g5 10. Nc3 Nf6 11. f4 Bg7 12. Ne2 g4 13. Qe1 Qxe1 14. Rxe1 Rde8
15. Bd2 h5 16. Nc3 Ne4 17. Be3 c6 18. a4 Bf5 19. a5 Nd6 20. cxd6 Bxd3 21. Bf2
Kd7 22. Na4 Kxd6 23. Nc5 Ba6 24. Nxa6 bxa6 25. f5 Rxe1+ 26. Rxe1 Kd7 27. Re2
Rb8 28. Rd2 Rb5 29. h3 gxh3 30. gxh3 Rxa5 31. Kg2 Rb5 32. Kg3 Kd8 33. Kh4 Rb3
34. Kxh5 Rxh3+ 35. Kg4 Rh8 36. Rc2 Kd7 37. Rd2 Bf6 38. Rd3 Rb8 39. Rd2 c5 40.
dxc5 Kc6 41. b3 Rxb3 42. Ra2 Kb5 43. Be1 Bc3 44. Bxc3 Rxc3 45. Rb2+ Kxc5 46.
Rb7 f6 47. Rf7 d4 48. Kf4 Rb3 49. Rxf6 Rb6 50. Rxb6 axb6 51. f6 Kd6 52. Kf5 d3
53. Kg6 d2 54. f7 d1=Q 55. f8=Q+ Kc6 56. Qe8+ Kc5 57. Qe5+ Kc4 58. Qe4+ Kb5 59.
Qf5+ Kb4 60. Qf4+ Ka5 61. Qc4 Qb1+ 62. Kh6 b5 63. Qc3+ Ka4 64. Qd4+ b4 65. Qd7+
Ka3 66. Qd5 Qf1 67. Qa5+ Kb3 68. Qd5+ Qc4 69. Qf3+ Ka4 70. Qd1+ b3 71. Qa1+ Kb5
72. Qe5+ Qc5 73. Qe2+ Ka5 74. Qd3 b2 75. Qd2+ Qb4 76. Qg5+ Ka4 77. Qg6 b1=Q 78.
Qxa6+ Kb3 79. Qe6+ Kc3 80. Qc6+ {Hossa resigns} 0-1

[Event "ICS rated standard match"]
[Site "207.99.83.229"]
[Date "1999.06.17"]
[Round "?"]
[White "Mijin"]
[Black "Hossa"]
[Result "0-1"]
[WhiteElo "1822"]
[BlackElo "2201"]
[PlyCount "28"]

1. e4 d5 2. exd5 Nf6 3. d4 Nxd5 4. Nf3 g6 5. Bc4 Bg7 6. Bd2 Nb6 7. Bb3 Bxd4 8.
Nxd4 Qxd4 9. O-O Nc6 10. Nc3 Bg4 11. Ne2 Bxe2 12. Qxe2 Qxb2 13. c3 O-O-O 14.
Rfb1 14... Qxd2 {Mijin resigns} 0-1

[Event "ICS rated standard match"]
[Site "207.99.83.229"]
[Date "1999.06.17"]
[Round "?"]
[White "Hossa"]
[Black "SPIKE-1"]
[Result "0-1"]
[WhiteElo "2204"]
[BlackElo "2276"]
[PlyCount "141"]

1. e4 c5 2. d4 cxd4 3. c3 dxc3 4. Nxc3 Nc6 5. Bc4 e6 6. Nf3 Qc7 7. O-O Nf6 8.
Bg5 Bc5 9. Nb5 Qb8 10. Bxf6 gxf6 11. Qc1 a6 12. Nc3 Ne5 13. Nxe5 Qxe5 14. Qh6
Qg5 15. Qxg5 fxg5 16. Rad1 b5 17. Be2 Bb7 18. e5 Rd8 19. Bd3 d5 20. exd6 Rxd6
21. Be4 Rxd1 22. Rxd1 Bxe4 23. Nxe4 Be7 24. Kf1 f5 25. Nd6+ Kf8 26. a4 bxa4 27.
Nc4 Kf7 28. Ra1 a3 29. bxa3 Kf6 30. a4 Rc8 31. Rc1 e5 32. g3 e4 33. Rc2 h5 34.
Rc1 Ke6 35. h3 Rc5 36. Rc2 f4 37. gxf4 gxf4 38. Ke2 Rc6 39. Ne3 Rd6 40. Rc4
fxe3 41. Rxe4+ Kf6 42. fxe3 Rd5 43. Rc4 Rc5 44. Rd4 Rc2+ 45. Kf3 Bc5 46. Rd5
Rc3 47. Rxh5 Bxe3 48. Kg2 Rc2+ 49. Kf3 Bd2 50. Rd5 a5 51. Kg4 Ra2 52. Kh5 Bb4
53. h4 Rxa4 54. Rd4 Ra1 55. Kg4 Ke5 56. Rd8 a4 57. Re8+ Kd5 58. Kf3 a3 59. Ra8
a2 60. Kg2 Kc4 61. h5 Kb5 62. h6 Ba5 63. Rb8+ Kc4 64. Rc8+ Kd3 65. Rf8 Re1 66.
Rf3+ Re3 67. Rf1 Be1 68. Rf8 a1=Q 69. Rd8+ Ke2 70. Rc8 Rg3+ 71. Kh1 {
Hossa resigns} 0-1

[Event "ICS Rated standard match"]
[Site "207.99.83.229"]
[Date "1999.06.18"]
[Round "?"]
[White "Hossa"]
[Black "robbok1"]
[Result "0-1"]
[WhiteElo "2191"]
[BlackElo "2462"]
[PlyCount "165"]

1. e4 c5 2. Nf3 Nc6 3. Bb5 g6 4. O-O Bg7 5. Re1 Nf6 6. e5 Nd5 7. Nc3 Nc7 8.
Bxc6 dxc6 9. Ne4 b6 10. Nf6+ Kf8 11. Ne4 Bg4 12. Neg5 h6 13. h3 Bd7 14. Ne4 f5
15. exf6 exf6 16. d4 f5 17. Nc3 cxd4 18. Nxd4 Be8 19. Bf4 Bxd4 20. Bxc7 Bxf2+
21. Kxf2 Qxc7 22. Qd4 Rh7 23. Re6 Rd8 24. Qf6+ Bf7 25. Kg1 Rd2 26. Rxc6 Qd7 27.
Nb5 Kg8 28. c4 Be8 29. Re6 Qf7 30. Qe5 Bxb5 31. cxb5 Rg7 32. Re1 Qd7 33. a4 Qb7
34. Qg3 f4 35. Qg4 Kh7 36. R6e2 Rd4 37. b3 Qc7 38. h4 Qc5 39. Rf2 h5 40. Qe2
Rgd7 41. Ref1 Rb4 42. Qe6 Re7 43. Qf6 Rxb3 44. Kh1 Rbe3 45. Rxf4 Rd7 46. Kh2
Ree7 47. R1f2 Qe3 48. R2f3 Qe1 49. Rf1 Qe3 50. Qg5 Qc5 51. Qf6 Qd5 52. R1f3 Re6
53. Qf8 Ree7 54. Kh3 Qe6+ 55. Kg3 Qe5 56. Qf6 Qd5 57. Kh3 Qd1 58. Rf1 Qc2 59.
Qg5 Qb3+ 60. Kh2 Re2 61. Rf8 Qa2 62. Kh1 Ree7 63. R1f2 Qa1+ 64. Kh2 Qg7 65. g4
hxg4 66. R8f4 Rd3 67. Rxg4 Ree3 68. Qf4 Rh3+ 69. Kg1 Rd1+ 70. Rf1 Rxf1+ 71.
Qxf1 Ra3 72. Qc4 Qa1+ 73. Kh2 Qb2+ 74. Kh1 Rh3+ 75. Kg1 Qh2+ 76. Kf1 Qh1+ 77.
Rg1 Qf3+ 78. Ke1 Qe3+ 79. Qe2 Qxg1+ 80. Kd2 Rh2 81. Qxh2 Qxh2+ 82. Ke3 Qxh4 83.
Kd2 {Hossa resigns} 0-1

[Event "ICS Rated blitz match"]
[Site "207.99.83.229"]
[Date "1999.06.18"]
[Round "?"]
[White "Hossa"]
[Black "Canadiens"]
[Result "1/2-1/2"]
[WhiteElo "2442"]
[BlackElo "2200"]
[PlyCount "279"]

1. e4 e5 2. Nf3 Nc6 3. Bb5 a6 4. Ba4 Nf6 5. O-O Be7 6. Re1 b5 7. Bb3 O-O 8. a4
Bb7 9. d3 Re8 10. Nbd2 h6 11. Nf1 Na5 12. Ba2 Bf8 13. Ne3 g6 14. c3 Bg7 15. Nh4
Nxe4 16. Nxg6 Nxf2 17. Qh5 Nxd3 18. Bxf7+ Kxf7 19. Nxe5+ Kg8 20. Nxd3 Nb3 21.
Ra3 Nxc1 22. Nxc1 Qg5 23. Qxg5 hxg5 24. axb5 axb5 25. Rxa8 Bxa8 26. Nd3 d6 27.
Nf5 Rxe1+ 28. Nxe1 Bf6 29. Nh6+ Kf8 30. Ng4 Bg7 31. Nc2 c5 32. Nf2 b4 33. Nh3
bxc3 34. bxc3 Bxc3 35. Nxg5 Bd2 36. Nh3 Bc6 37. Kf2 Be4 38. Ne3 Bxe3+ 39. Kxe3
Bxg2 40. Nf4 Bb7 41. h4 Kg7 42. Nh5+ Kg6 43. Ng3 d5 44. Kf4 d4 45. Ke5 d3 46.
Nf1 Kh5 47. Nd2 Ba6 48. Kd5 c4 49. Kd4 Kxh4 50. Nb1 Kg3 51. Ke3 Kg4 52. Nc3 Kf5
53. Na4 Ke5 54. Nc5 Bb5 55. Ne4 Kd5 56. Nc3+ Kc5 57. Na2 Bc6 58. Nc1 Be4 59.
Na2 Bg2 60. Nc1 Bf1 61. Kd2 Kb4 62. Na2+ Kb3 63. Nc3 Bg2 64. Nb5 Bb7 65. Nc3
Bc6 66. Nd1 Kb4 67. Nf2 Bb5 68. Ne4 Bd7 69. Nc3 Bf5 70. Na2+ Ka3 71. Nc3 Bg4
72. Ne4 Kb4 73. Nc3 Bf3 74. Na2+ Ka3 75. Nc3 Be2 76. Nb5+ Kb3 77. Nd4+ Kb2 78.
Nb5 Bf3 79. Nc3 Kb3 80. Nb5 Bg2 81. Nc3 Kb4 82. Na2+ Ka3 83. Nc3 Bf3 84. Nb5+
Kb4 85. Nc3 Bh1 86. Na2+ Kc5 87. Ke3 Bb7 88. Nc1 Ba6 89. Na2 Kb6 90. Kd4 Kb5
91. Kc3 Bb7 92. Kb2 Kc5 93. Kc3 Kd5 94. Nb4+ Ke4 95. Kxc4 d2 96. Nd3 Bd5+ 97.
Kc3 d1=N+ 98. Kc2 Ne3+ 99. Kc3 Ng4 100. Nc5+ Ke3 101. Nd3 Nf6 102. Ne5 Ne4+
103. Kb4 Ba2 104. Nc6 Kd3 105. Ne5+ Kd4 106. Nc6+ Kd5 107. Ne7+ Kd6 108. Nf5+
Ke5 109. Ne7 Nf2 110. Kc3 Bf7 111. Nc6+ Kd5 112. Ne7+ Ke4 113. Nc8 Be6 114.
Nd6+ Kd5 115. Nc4 Ne4+ 116. Kd3 Nc5+ 117. Kc3 Bh3 118. Ne3+ Ke5 119. Kc4 Ne6
120. Kc3 Ke4 121. Nc4 Nf4 122. Nd6+ Kd5 123. Nc4 Kc5 124. Ne3 Be6 125. Kd2 Kd4
126. Nc2+ Ke4 127. Kc3 Nd3 128. Nd4 Bg4 129. Kc4 Ne5+ 130. Kc5 Nd7+ 131. Kc4
Bh5 132. Kc3 Ne5 133. Ne6 Bg4 134. Nc5+ Ke3 135. Nb3 Be6 136. Nd2 Bf7 137. Nf1+
Ke4 138. Ng3+ Kd5 139. Ne2 Nd3 140. Kxd3 {
Game drawn because neither player has mating material} 1/2-1/2

[Event "ICS rated blitz match"]
[Site "207.99.83.229"]
[Date "1999.06.18"]
[Round "?"]
[White "RedBear"]
[Black "Hossa"]
[Result "1/2-1/2"]
[WhiteElo "2467"]
[BlackElo "2442"]
[PlyCount "160"]

1. e4 e5 2. Nf3 Nf6 3. Nxe5 d6 4. Nf3 Nxe4 5. Qe2 Qe7 6. d3 Nf6 7. Bg5 Qxe2+ 8.
Bxe2 Be7 9. Nc3 O-O 10. O-O-O Nc6 11. Nb5 Nd5 12. Bxe7 Ncxe7 13. Rde1 Bd7 14.
d4 Rfe8 15. Bc4 a6 16. Nc3 Nxc3 17. bxc3 b5 18. Bd3 Bc6 19. c4 Bxf3 20. gxf3 b4
21. Rhg1 c5 22. dxc5 dxc5 23. Rg5 Rac8 24. Rh5 g6 25. Rg1 a5 26. f4 Kh8 27. Rh3
Rb8 28. Rg4 Rg8 29. Rgh4 Rg7 30. Re3 f6 31. Re6 f5 32. Ra6 Rgg8 33. Ra7 Rge8
34. Rxa5 Rec8 35. Ra7 Re8 36. Rh3 Ra8 37. Rc7 Rac8 38. Rd7 Ra8 39. Kb1 Kg7 40.
Re3 Kf6 41. Re5 Rac8 42. Kc1 Rc6 43. h4 Rcc8 44. f3 Kf7 45. Kb2 Kf6 46. Bf1 Rc6
47. Bg2 Rcc8 48. Bh3 Rc6 49. Kc1 Rcc8 50. h5 Rc6 51. hxg6 hxg6 52. c3 bxc3 53.
Ra7 Nc8 54. Rxe8 Nxa7 55. Rf8+ Kg7 56. Ra8 Ra6 57. Kb1 Ra5 58. Bf1 Kf7 59. Bd3
Ra3 60. Bc2 Ke7 61. Rg8 Kf6 62. Rd8 Ke6 63. Re8+ Kd7 64. Re5 Kc7 65. Re7+ Kb6
66. Rg7 Ra6 67. Rxg6+ Ka5 68. Rxa6+ Kxa6 69. Bxf5 Nc6 70. Bd7 Nd4 71. f5 Nxf3
72. Kc2 Kb6 73. f6 Ng5 74. Be8 Kc7 75. f7 Ne6 76. a4 Kb6 77. Bd7 Nf8 78. Be8
Ne6 79. Bd7 Nf8 80. Be8 80... Ne6 {Game drawn by repetition} 1/2-1/2

[Event "ICS rated blitz match"]
[Site "207.99.83.229"]
[Date "1999.06.18"]
[Round "?"]
[White "Hossa"]
[Black "OSOWR"]
[Result "0-1"]
[WhiteElo "2443"]
[BlackElo "2172"]
[PlyCount "128"]

1. e4 c5 2. Nf3 Nc6 3. Bb5 g6 4. O-O Bg7 5. Nc3 e5 6. d3 Nge7 7. Be3 d6 8. Qd2
O-O 9. Bxc6 Nxc6 10. Bh6 Nd4 11. Nxd4 cxd4 12. Bxg7 Kxg7 13. Ne2 f5 14. c3 dxc3
15. Nxc3 f4 16. f3 Be6 17. d4 Rc8 18. Qf2 Qb6 19. dxe5 Qxf2+ 20. Rxf2 dxe5 21.
h4 Rfd8 22. Raf1 h6 23. Kh2 Rd3 24. Rg1 Kf6 25. g3 g5 26. gxf4 exf4 27. hxg5+
hxg5 28. Kg2 Rh8 29. Rh1 Rxh1 30. Kxh1 a6 31. Kh2 b5 32. Ne2 Rd2 33. Rg2 Rxb2
34. Nc1 Rxg2+ 35. Kxg2 Ke5 36. Kf2 Kd4 37. Ne2+ Kd3 38. a3 a5 39. Nc1+ Kc3 40.
Ne2+ Kb2 41. Nd4 Bd7 42. e5 Kxa3 43. e6 Be8 44. e7 b4 45. Nf5 b3 46. Nd6 Bg6
47. Ne4 b2 48. Nd2 Kb4 49. Kg2 a4 50. Kh3 a3 51. Kg4 a2 52. Kxg5 b1=Q 53. Nxb1
axb1=Q 54. Kxf4 Qf5+ 55. Ke3 Qd3+ 56. Kf4 Kc4 57. Ke5 Qf5+ 58. Kd6 Qxf3 59. Kc7
Qf7 60. Kd7 Kd5 61. Kc7 Kc5 62. Kb7 Qxe7+ 63. Kb8 Kb6 64. Ka8 64... Qb7# {
Hossa checkmated} 0-1

[Event "ICS rated blitz match"]
[Site "207.99.83.229"]
[Date "1999.06.18"]
[Round "?"]
[White "Pikulis"]
[Black "Hossa"]
[Result "0-1"]
[WhiteElo "2146"]
[BlackElo "2425"]
[PlyCount "110"]

1. d4 d5 2. Nf3 e6 3. g3 Nf6 4. Bg2 c5 5. c3 cxd4 6. Nxd4 Bd6 7. Bg5 O-O 8. O-O
Nbd7 9. Nd2 Qb6 10. Bxf6 Nxf6 11. Qb3 Qc5 12. Qb5 e5 13. Qxc5 Bxc5 14. N4b3 Bd6
15. Rfd1 Bg4 16. f3 Be6 17. e4 Rac8 18. exd5 Nxd5 19. Ne4 Be7 20. Rac1 Ne3 21.
Re1 Nxg2 22. Kxg2 f5 23. Nf2 Bf6 24. f4 e4 25. Nd1 Rc6 26. Ne3 Rb6 27. Re2 g6
28. Na5 Bxa2 29. Ra1 Bf7 30. Nac4 Rc6 31. Ne5 Bxe5 32. fxe5 a6 33. Rd2 Rc5 34.
Rd7 Rb5 35. b4 Re8 36. Ra5 Rxa5 37. bxa5 Rxe5 38. Rxb7 Rxa5 39. Rb8+ Kg7 40. c4
g5 41. Rb6 f4 42. Ng4 Bxc4 43. h4 f3+ 44. Kh3 h5 45. Rb7+ Bf7 46. Ne3 g4+ 47.
Kh2 Ra2+ 48. Kg1 Kf6 49. Rb6+ Ke5 50. Rb7 Be6 51. Re7 Kd4 52. Nf1 Bc4 53. Rd7+
Kc3 54. Ne3 f2+ 55. Kh2 55... f1=Q+ {Pikulis resigns} 0-1

[Event "ICS rated standard match"]
[Site "207.99.83.229"]
[Date "1999.06.18"]
[Round "?"]
[White "FRENCHDEFENSE"]
[Black "Hossa"]
[Result "0-1"]
[WhiteElo "1897"]
[BlackElo "2185"]
[PlyCount "48"]

1. e4 e5 2. Nf3 Nf6 3. Nxe5 d6 4. Nf3 Nxe4 5. d4 d5 6. Be2 Be7 7. O-O O-O 8.
Be3 Nc6 9. Nbd2 Qd6 10. Nxe4 dxe4 11. Ne1 Bd7 12. c4 Qg6 13. d5 Ne5 14. Bf4 Bd6
15. Bh5 Qf5 16. Bg3 Nxc4 17. Bxd6 cxd6 18. h3 Nxb2 19. Qd4 Qxh5 20. Qxb2 Qxd5
21. Nc2 Qb5 22. Qd4 Qc5 23. Qxe4 Bf5 24. Qxb7 24... Rab8 {FRENCHDEFENSE resigns
} 0-1

[Event "ICS rated standard match"]
[Site "207.99.83.229"]
[Date "1999.06.18"]
[Round "?"]
[White "Thaggins"]
[Black "Hossa"]
[Result "0-1"]
[WhiteElo "1841"]
[BlackElo "2190"]
[PlyCount "100"]

1. e4 e5 2. Nf3 Nf6 3. Nxe5 d6 4. Nf3 Nxe4 5. Qe2 Qe7 6. d3 Nf6 7. Bg5 Qxe2+ 8.
Bxe2 Be7 9. Nc3 O-O 10. O-O Re8 11. Rfe1 Nc6 12. Bxf6 Bxf6 13. Nd5 Bd8 14. c3
Be6 15. Ne3 Bf6 16. d4 Ne7 17. a4 Nd5 18. Nxd5 Bxd5 19. a5 Re7 20. b4 Rae8 21.
Kf1 c6 22. b5 Rxe2 23. Rxe2 Bc4 24. Rae1 Bxe2+ 25. Rxe2 Rxe2 26. Kxe2 cxb5 27.
Nd2 Bd8 28. Nb3 d5 29. g4 Kf8 30. h3 b6 31. axb6 Bxb6 32. f4 Ke8 33. f5 Kd7 34.
Kd3 Kc6 35. Nd2 Bc7 36. Nf3 f6 37. g5 Bg3 38. gxf6 gxf6 39. Nd2 h5 40. Nb3 Bd6
41. Nc1 Kb6 42. Ne2 a5 43. Kc2 b4 44. cxb4 axb4 45. Kb3 Kb5 46. Nc1 h4 47. Nd3
Ka5 48. Ne1 Bf4 49. Nd3 Bd2 50. Nf4 50... Bxf4 {Thaggins resigns} 0-1

[Event "ICS rated blitz match"]
[Site "207.99.83.229"]
[Date "1999.06.18"]
[Round "?"]
[White "peonnegro"]
[Black "Hossa"]
[Result "1-0"]
[WhiteElo "2168"]
[BlackElo "2430"]
[PlyCount "181"]

1. c4 Nf6 2. Nc3 c5 3. Nf3 e6 4. b3 d5 5. cxd5 exd5 6. Nb1 Bd6 7. Bb2 O-O 8. e3
Bg4 9. Be2 Bxf3 10. Bxf3 Nc6 11. d3 Bc7 12. O-O Qd6 13. g3 Ne5 14. Bg2 Ba5 15.
Qc2 Rae8 16. Nd2 Bxd2 17. Qxd2 Neg4 18. h3 Ne5 19. Rac1 b6 20. Rfe1 Ned7 21.
Qc2 Re6 22. Qb1 Rfe8 23. Red1 R6e7 24. Qa1 Kh8 25. a3 Rg8 26. Bc3 a5 27. Qb2 a4
28. b4 Rb8 29. Kh2 Re6 30. Kg1 Rd8 31. Kh2 Rde8 32. Kg1 Kg8 33. Kh2 Ne5 34. Kg1
Qe7 35. Bxe5 Rxe5 36. bxc5 bxc5 37. Qb5 d4 38. e4 Qd7 39. Qxd7 Nxd7 40. Rb1
R5e7 41. Rdc1 g5 42. f4 gxf4 43. gxf4 Kg7 44. Kf2 Ra8 45. Bf3 Ra5 46. Bg4 Nf6
47. Bf5 h5 48. Rb6 Ne8 49. Rc6 Rc7 50. Rb6 Re7 51. e5 Rc7 52. Kf3 Kf8 53. Ke4
Ng7 54. Rc4 Ke7 55. h4 Ne8 56. Bh3 Ng7 57. f5 Kf8 58. f6 Ne8 59. Bf5 Rca7 60.
Rc6 Rb7 61. R6xc5 Rxc5 62. Rxc5 Rb8 63. Kxd4 Rb3 64. Rc3 Rb2 65. Ke3 Rb3 66.
Rxb3 axb3 67. d4 Nc7 68. Kd2 Nb5 69. d5 Nxa3 70. Kc3 b2 71. Kxb2 Nc4+ 72. Kc3
Nxe5 73. Kd4 Nf3+ 74. Kc5 Nxh4 75. Bh3 Nf3 76. Kc6 Ne5+ 77. Kc7 Kg8 78. d6 Kh7
79. Bf5+ Kg8 80. d7 Nxd7 81. Kxd7 Kf8 82. Bh3 Kg8 83. Ke7 Kh8 84. Kxf7 Kh7 85.
Ke7 Kg6 86. f7 Kg5 87. f8=Q h4 88. Qf5+ Kh6 89. Qg4 Kh7 90. Kf7 Kh6 91. Qg6# {
Hossa checkmated} 1-0

[Event "ICS rated standard match"]
[Site "207.99.83.229"]
[Date "1999.06.18"]
[Round "?"]
[White "Hossa"]
[Black "GallantKnight"]
[Result "1-0"]
[WhiteElo "2194"]
[BlackElo "1847"]
[PlyCount "107"]

1. e4 c5 2. Nf3 d6 3. d4 cxd4 4. Nxd4 Nf6 5. Nc3 g6 6. Be2 Bg7 7. O-O O-O 8.
Be3 Nc6 9. Nb3 a6 10. Qd2 Be6 11. Bh6 Rc8 12. Qf4 Ne5 13. Nd2 b5 14. a3 Nc4 15.
Bxg7 Kxg7 16. Bxc4 Bxc4 17. Rfe1 Be6 18. Re3 Nh5 19. Qh4 Qd7 20. Rd1 Qb7 21. e5
dxe5 22. Rxe5 Rfd8 23. Ree1 Nf6 24. Re2 a5 25. Rc1 b4 26. axb4 axb4 27. Nce4
Nxe4 28. Nxe4 Rd4 29. f3 Bf5 30. Qf2 Qd7 31. c3 bxc3 32. Nxc3 h5 33. Rxe7 Qxe7
34. Qxd4+ Kh7 35. Rf1 Rd8 36. Nd5 Qd6 37. Nf6+ Kh6 38. Qxd6 Rxd6 39. Ne4 Rb6
40. Rf2 Kg7 41. Re2 Rb4 42. Kf2 Be6 43. Ke3 Kf8 44. Nc5 Bc4 45. Rd2 Ke8 46. Rd4
Rb3+ 47. Nxb3 Bxb3 48. Rb4 Be6 49. Kd4 Kd8 50. Rb7 Kc8 51. Ra7 Kb8 52. Re7 Kc8
53. Kc5 Kb8 54. Kc6 {GallantKnight resigns} 1-0

[Event "ICS rated standard match"]
[Site "207.99.83.229"]
[Date "1999.06.18"]
[Round "?"]
[White "Hossa"]
[Black "ssv"]
[Result "1-0"]
[WhiteElo "2198"]
[BlackElo "2154"]
[PlyCount "87"]

1. e4 e5 2. f4 d5 3. exd5 e4 4. Bc4 Nf6 5. d3 exd3 6. Qxd3 Bc5 7. Nc3 O-O 8.
Nge2 Re8 9. Bd2 Ng4 10. Nd1 Qf6 11. h3 Bf5 12. Qb3 Nh6 13. Qxb7 Nd7 14. Qxc7
Rac8 15. Qb7 Bxc2 16. Qxd7 Qh4+ 17. Kf1 Bxd1 18. g3 Bxe2+ 19. Kg2 Qd8 20. Qxd8
Rcxd8 21. Bb3 Bd3 22. Rhe1 Be4+ 23. Kh2 Nf5 24. Ba5 Nd4 25. Bd1 Bxd5 26. Bg4
Rb8 27. Rxe8+ Rxe8 28. Rc1 Bb6 29. Bxb6 axb6 30. Rd1 Nf3+ 31. Kg2 Ne1+ 32. Kf2
Bxa2 33. Rxe1 Rxe1 34. Kxe1 f6 35. Kd2 Kf7 36. h4 Be6 37. Be2 Ke7 38. b4 Kd6
39. Kd3 Bf5+ 40. Kd4 Bb1 41. g4 f5 42. g5 g6 43. Bc4 Be4 44. Bg8 {ssv resigns}
1-0